Report on the In-session Seminar on Forestry Investment in Asia and the Pacific, 11 August 1993, Colombo, Sri Lanka

Bibliographic Details
Corporate Authors: SEMINAR on Forestry Investment in Asia and the Pacific, Asia-Pacific Forestry Commission
Format: Book
Published: Rome : Food and Agriculture , 1994
Subjects:

MARC

LEADER 00000cam a2200000 7i4500
001 0000000549
005 20020712.0
090 0 0 |a FAO338.1749   |b SEM 1994 
110 1 0 |a SEMINAR on Forestry Investment in Asia and the Pacific   |k 1993   |j Colombo, Sri Lanka 
245 1 0 |a Report on the In-session Seminar on Forestry Investment in Asia and the Pacific, 11 August 1993, Colombo, Sri Lanka 
260 0 0 |a Rome :   |b Food and Agriculture ,   |c 1994 
300 |a 66 p. ;   |c 30 cm. 
650 0 0 |a Forestry investment   |z Asia   |x Congresses 
650 0 0 |a Forestry investment   |z Pacific area   |x Congresses 
710 1 1 |a Asia-Pacific Forestry Commission 
998 |a JPSM 
999 |a 0000000265   |b Monograph   |c Open Shelf   |e Default branch 
999 |a 0000000266   |b Monograph   |c Open Shelf   |e Default branch 
999 |a 0000000267   |b Monograph   |c Open Shelf   |e Default branch 
999 |a 0000000268   |b Monograph   |c Open Shelf   |e Default branch 
999 |a 0000000269   |b Monograph   |c Open Shelf   |e Default branch